| 000 | 00531nam a2200181Ia 4500 | ||
|---|---|---|---|
| 001 | 16039 | ||
| 005 | 20260306170240.0 | ||
| 008 | 260306t2003||||xx |||||||||||||| ||und|| | ||
| 041 | _aESP | ||
| 082 |
_a346.52 _bW86 |
||
| 100 |
_aWoolcott Oyague, Olenka [1968-...] _eAUT |
||
| 245 | 0 |
_aLa responsabilidad del productor: _bestudio comparativo del modelo norteamericano y el régimen de la Comunidad Europea |
|
| 260 | _c2003 | ||
| 300 |
_a520 páginas : _c24 cm. |
||
| 650 | _aGEN | ||
| 654 | _aCDE | ||
| 942 |
_cLIB _dJUS _fJUS _2ddc _n |
||
| 999 |
_c16039 _d16039 |
||